Le panlatinisme, confédération gallo-latine et celto-gauloise (Record no. 166946)

MARC details
000 -LEADER
campo de control de longitud fija 01054nam a22002055i 4500
001 - NÚMERO DE CONTROL
campo de control 166946
003 - IDENTIFICADOR DE NÚMERO DE CONTROL
campo de control ES-MaACL
005 - FECHA Y HORA DE LA ÚLTIMA TRANSACCIÓN
campo de control 20230906213430.0
008 - DATOS DE LONGITUD FIJA--INFORMACIÓN GENERAL
campo de control de longitud fija 050921m18621900fr a | |||||||| ||fre d
040 ## - FUENTE DE CATALOGACIÓN
Centro catalogador/agencia de origen CAM
Lengua de catalogación spa
Centro/agencia transcriptor CAM
100 1# - ENTRADA PRINCIPAL--NOMBRE DE PERSONA
Nombre de persona Passard, François-Lubin.
9 (RLIN) 155686
245 13 - MENCIÓN DEL TÍTULO
Título Le panlatinisme, confédération gallo-latine et celto-gauloise
Resto del título : alliance fédérative de la France, la Belgique, l'Angleterre, l'Espagne, le Portugal, L'italie, la Grèce, etc. /
Mención de responsabilidad, etc. par Prosper Vallerance (pseud. de François-Lubin Passard).
250 ## - MENCION DE EDICION
Mención de edición Nouvelle éd. accompagnée de documents et renseignements nouveaux sur l'Italie, la Hongrie, la Roumanie, la Pologne, la Ruthénie, le panslavisme, etc.
260 ## - PUBLICACIÓN, DISTRIBUCIÓN, ETC.
Lugar de publicación, distribución, etc. Paris :
Nombre del editor, distribuidor, etc. Passard libraire-éditeur,
Fecha de publicación, distribución, etc. [1862] (
Fabricante Imprimerie de J. Claye)
300 ## - DESCRIPCIÓN FÍSICA
Extensión XXVIII, 236 p., [1] h. de lám. ;
Dimensiones 22 cm.
596 ## - NOTA AL PIE DE IMPRENTA
NOTA AL PIE DE IMPRENTA En nota de pag.IV consta la fecha 1862.
651 #4 - PUNTO DE ACCESO ADICIONAL DE MATERIA--NOMBRE GEOGRÁFICO
Nombre geográfico Europa-
Subdivisión general Relaciones sociales.
9 (RLIN) 137142
651 #4 - PUNTO DE ACCESO ADICIONAL DE MATERIA--NOMBRE GEOGRÁFICO
Nombre geográfico Europa-
Subdivisión general Relaciones políticas.
9 (RLIN) 137141
852 ## - LOCALIZACIÓN
Ubicación ES-MaACL
Número de control de estantería G-12974
Nota libre -- Enc. hol.
Holdings
Estatus retirado Estado de pérdida Estado de daño No para préstamo Colección Biblioteca de origen Biblioteca actual Ubicación en estantería Fecha de adquisición Fuente de adquisición Total de préstamos Signatura topográfica completa Código de barras Visto por última vez Precio de reemplazo Tipo de ítem Koha
        Libros del s. XIX Biblioteca del Ateneo de Madrid Biblioteca del Ateneo de Madrid Sala Pecera Planta 3 17/01/2008     G-12974 1175124 23/02/2023 23/02/2023 Libro impreso antiguo